Thiết kế bài học tác phẩm văn chương ở nhà trường phổ thông
שמור ב:
| פורמט: | ספר |
|---|---|
| יצא לאור: |
H.
Giáo dục
1998
|
| מהדורה: | tái bản lần 1 |
| תגים: |
הוספת תג
אין תגיות, היה/י הראשונ/ה לתייג את הרשומה!
|
| Thư viện lưu trữ: | Mạng thư viện Đại học Đà Nẵng |
|---|
| LEADER | 00739nam a2200229 4500 | ||
|---|---|---|---|
| 001 | 000015155 | ||
| 003 | 11531 | ||
| 005 | 20150812150857.0 | ||
| 008 | 120522s1998 sd | ||
| 245 | 0 | 0 | |a Thiết kế bài học tác phẩm văn chương ở nhà trường phổ thông |c Phan Trọng Luận |
| 250 | |a tái bản lần 1 | ||
| 260 | |a H. |b Giáo dục |c 1998 | ||
| 774 | |b Tái bản lần 1 |d Giáo dục |d H. |d 1998 |g T.1 |h 176tr |w 11532 | ||
| 774 | |b Tái bản lần 1 |d Giáo dục |d H. |d 1998 |g T.2 |h 175tr |w 11534 | ||
| OWN | |a LSP | ||
| 999 | |a From the UDN01 | ||
| TYP | |a Monograph | ||
| TYP | |a Printed language | ||
| 980 | |a Mạng thư viện Đại học Đà Nẵng | ||